Statistics for Major League Baseball True False

Click here to take the quiz!

General Stats

  • This quiz has been taken 7,033 times
  • The average score is 12 of 15

Answer Stats

QuestionAnswer% Correct
No player has ever hit a home run that has completely left the stadiumFalse
91%
Spitballs were legal in the early 1900sTrue
88%
More current Major League players were born in the Dominican Republic than any other country except the U.S.True
85%
If a ball bounces over the outfield fence, it counts as a home runFalse
82%
New York City once had three Major League teams at the same timeTrue
81%
Willie Mays played mostly shortstopFalse
79%
There's no rule prohibiting metal bats - wooden bats are simply considered superior for the hitterFalse
78%
Barry Bonds holds the single season and career home run recordsTrue
78%
Every team that has won the so-called "World Series" has been from the United StatesFalse
76%
Portland, Oregon has never had a Major League teamTrue
76%
Ozzie Smith was a power hitterFalse
75%
The catcher and the pitcher are collectively known as "the battery"True
73%
No player has been a manager and a player at the same time since WWIIFalse
66%
Ted Williams NEVER won a World Series titleTrue
65%
Rickey Henderson once stole more than 300 bases in a single seasonFalse
61%

Score Distribution

Percentile by Number Answered

Percent of People with Each Score

Your Score History

You have not taken this quiz